Sue me (Audrey Hobert) - lyrics - Statistics

General Stats
  • This quiz has been taken 80 times
  • The average score is 382 of 433
Answer Stats
Answer % Correct
a
100%
be
100%
I
100%
me
100%
Sue
100%
sue
100%
wanna
100%
want
100%
When
100%
you
100%
You
100%
wanted
98%
go
97%
he
97%
so
97%
So
97%
the
97%
your
97%
Your
97%
I'm
95%
in
95%
In
95%
and
93%
And
93%
know
93%
Sorry
93%
sorry
93%
that
93%
at
92%
Not
92%
up
92%
with
92%
but
90%
But
90%
is
90%
it
90%
to
90%
Are
88%
are
88%
Broke
88%
ex
88%
november
88%
Drinking
87%
getting
87%
like
87%
died
85%
dog
85%
good
85%
matters
85%
party
85%
remember
85%
you're
85%
babe
83%
been
83%
breaking
83%
pilates
83%
coke
82%
dream
82%
I'll
82%
I've
82%
knew
82%
look
82%
or
82%
you'd
82%
bride
80%
careful
80%
Yeah
80%
yeah
80%
heaven
78%
hell
78%
patterns
78%
You'll
78%
bacardi
77%
being
77%
it's
77%
meantime
77%
(meantime)
77%
exhausting
75%
feeling
75%
think
75%
better
73%
Cause
73%
cause
73%
depressed
73%
iconic
73%
all
70%
Best
70%
best
70%
latter
70%
Just
68%
looking
68%
saint
68%
sued
68%
fucking
67%
Let's
67%
let's
67%
lights
67%
on
67%
see
67%
as
65%
amazing?
63%
does
63%
from
63%
god
63%
god)
63%
off
63%
guy
62%
out
62%
sign
62%
(sign
62%
Suddenly
62%
Taking
62%
thinking
60%
toxic
60%
he's
58%
rip
58%
again
57%
buy
57%
gonna
57%
Gonna
57%
gotta
57%
his
57%
my
57%
over
57%
basics
55%
here
55%
late
55%
Guess
53%
life
53%
platonic
53%
them
53%
top
53%
Amazon
52%
cross
52%
uh
52%
bottom
50%
face,
50%
blow
48%
rock
48%
roommate
48%
menage
47%
line's
45%
saying
45%
place,
43%
trois
43%
atomic
42%
kismet
40%
bait
37%
bones
37%
business
35%
make
33%
won't
33%
wait
32%
No matching quizzes found
Score Distribution
Percent of People with Each Score
Percentile by Number Answered
Your Score History
You have not taken this quiz